00545nam a22002177a 4500001000400000003000600004005001700010008004100027020001800068040002900086050000800115082001100123100001700134245005600151260002500207300001900232490003200251505000800283521001800291521001800309326FISKH20230321161229.0230321b cb ||||| |||| 00| 0 eng d a9780141351872 aFISKHbengcFISKHdFISKH aPZ7 a823.92 aBehrent, Sue aCosmic countdownbMusic island missionscT Shrewman aLondonbPuffinc2013 a151 p.c20 cm. aMusic island missionsvv. 4 aK 8 a600 bLexile8 aK bRaz-Plus